LEADER 00752nam0-22002891i-450- 001 990002008780403321 005 20040528100926.0 035 $a000200878 035 $aFED01000200878 035 $a(Aleph)000200878FED01 035 $a000200878 100 $a20030910d1958----km-y0itay50------ba 101 0 $ager 105 $ay---a---001yy 200 1 $aSymbiose im Tierreich$fHorst Fuller 210 $aWittemberg$cA. Ziemsen$d1958 215 $a227 p.$d21 cm 610 0 $aSimbiosi 676 $a591.524 700 1$aFuller,$bHorst$084957 801 0$aIT$bUNINA$gRICA$2UNIMARC 901 $aBK 912 $a990002008780403321 952 $a61 III D.1/18$b1638$fDAGEN 959 $aDAGEN 996 $aSymbiose im Tierreich$9402656 997 $aUNINA LEADER 01686nam 2200529Ia 450 001 9910464118403321 005 20200520144314.0 010 $a1-4384-3143-0 035 $a(CKB)3170000000046587 035 $a(OCoLC)794698965 035 $a(CaPaEBR)ebrary10574117 035 $a(SSID)ssj0000581806 035 $a(PQKBManifestationID)11341324 035 $a(PQKBTitleCode)TC0000581806 035 $a(PQKBWorkID)10540155 035 $a(PQKB)11496224 035 $a(MiAaPQ)EBC3407255 035 $a(MdBmJHUP)muse1688 035 $a(Au-PeEL)EBL3407255 035 $a(CaPaEBR)ebr10574117 035 $a(EXLCZ)993170000000046587 100 $a20090903d2010 ub 0 101 0 $aeng 135 $aurcn||||||||| 181 $ctxt 182 $cc 183 $acr 200 00$aAfrican Americans doing feminism$b[electronic resource] $eputting theory into everyday practice /$fedited by Aaronette M. White 210 $aAlbany $cState University of New York (SUNY) Press$dc2010 215 $a1 online resource (317 p.) 300 $aBibliographic Level Mode of Issuance: Monograph 311 $a1-4384-3141-4 320 $aIncludes bibliographical references and index. 606 $aFeminism$zUnited States$xHistory 606 $aAfrican American feminists$xHistory 608 $aElectronic books. 615 0$aFeminism$xHistory. 615 0$aAfrican American feminists$xHistory. 676 $a305.42089/96073 701 $aWhite$b Aaronette M$01044664 801 0$bMiAaPQ 801 1$bMiAaPQ 801 2$bMiAaPQ 906 $aBOOK 912 $a9910464118403321 996 $aAfrican Americans doing feminism$92470448 997 $aUNINA